A Szegedi Kereskedelmi és Iparbank 1933. évi üzleti jelentése
Elmentve itt :
| Dokumentumtípus: | Cikk |
|---|---|
| Megjelent: |
1934-02-18
|
| Sorozat: | Délmagyarország
10 No. 39 |
| Kulcsszavak: | Pénzügy Szeged 1933 |
| Online Access: | http://dmarchiv.bibl.u-szeged.hu/60312 |
| LEADER | 00442nab a2200145 i 4500 | ||
|---|---|---|---|
| 001 | delm60312 | ||
| 005 | 20180927144552.0 | ||
| 008 | 180927s1934 hu o 0|| hun d | ||
| 040 | |a SZTE Délmagyarország Archívum |b hun | ||
| 041 | |a hun | ||
| 245 | 0 | 2 | |a A Szegedi Kereskedelmi és Iparbank 1933. évi üzleti jelentése |h [elektronikus dokumentum] |
| 260 | |c 1934-02-18 | ||
| 300 | |a 15 | ||
| 490 | 0 | |a Délmagyarország |v 10 No. 39 | |
| 695 | |a Pénzügy Szeged 1933 | ||